10 Closest Capitals to Rome Quiz Stats

 Plays Quiz Updated Dec 11, 2018

Support Sporcle.
Go Orange.
Score 0/10 Timer 02:00
0 Plays Today
Capital % Correct
Vatican City, Vatican City
96.8%
San Marino, San Marino
79.5%
Zagreb, Croatia
68.2%
Monaco, Monaco
66.5%
Sarajevo, Bosnia and Herzegovina
56.9%
Ljubljana, Slovenia
51.1%
Tirana, Albania
50.3%
Vaduz, Liechtenstein
43.9%
Podgorica, Montenegro
38.8%
Tunis, Tunisia
36.3%

You're not logged in!

Compare scores with friends on all Sporcle quizzes.
OR
Log In
Forgot?

From the Vault

Country Per Letter: North America

by NO_r_WAY

Geography 90s
Name one country, get all the countries that start with that letter. It's more efficient.
Remove Ads.
Support Sporcle.
Get the best of Sporcle when you Go Orange. This ad-free experience offers more features, more stats, and more fun while also helping to support Sporcle. Thank you for becoming a member.

Show Comments

Extras

Top Quizzes Today


Score Distribution

Your Account Isn't Verified!

In order to create a playlist on Sporcle, you need to verify the email address you used during registration. Go to your Sporcle Settings to finish the process.

Report this User

Report this user for behavior that violates our Community Guidelines.

Details: